00863 2200205 4500001002100000005001500021035002000036008004100056245004100097100001400138250000600152260003800158300001200196084001400208082000800222650001000230520039300240990001200633990001200645INLIS00000000000133420240520101625 a0010-0524000569240520 1 ind 1 aThe Last Winter In Korea /cRizki De aDe, Rizki a1 aYogyakarta :bSheila/ Andi,c2016 a330 hlm a813 RIZ t a813 4aFiksi aDaisie Ayumu, dia sama seperti kebanyakan gadis kota lainnya, suka pesta, menghabiskan uang dan kencan. Namun ada satu hal yang hanya teman terdekatnya saja tahu. Bahwa ia belum pernah sakit hati. Ya, dia memang belum pernah sakit hati. Sebanyak apapun mantan yang sudah dikoleksinya, dan sebanyak apapun dia putus, Daisie akan menganggap semua itu sebagai angin lalu yang kurang penting. a0741510 a0741511